[Event "SEMI A024 email"]
[Site "SEMI email"]
[Date "2001.09.10"]
[Round "?"]
[White "Amadimo, Emohisi"]
[Black "Bascetta, Biagio J"]
[Result "1/2-1/2"]
[WhiteElo "1800"]
[BlackElo "2327"]
[PlyCount "77"]
[EventDate "2001.09.10"]
[EventType "tourn (corr)"]
[EventRounds "6"]
[EventCountry "ITA"]
[SourceTitle "Telechess CBM 091"]
[Source "ChessBase"]
[SourceDate "2002.11.12"]
[SourceVersion "1"]
[SourceVersionDate "2002.11.12"]
[SourceQuality "1"]

1. d4 Nf6 2. Nf3 g6 3. c4 Bg7 4. Nc3 0-0 5. e4 d6 6. Be2 e5 7. Be3 exd4 8. Nxd4 Re8 9. Qc2 c6 10. Rd1 Nbd7 11. 0-0 Qe7 12. f3 Nb6 13. b4 d5 14. c5 Nbd7 15. Bf4 Ne5 16. Bg5 h6 17. Bh4 g5 18. Bf2 dxe4 19. Nxe4 Nxe4 20. fxe4 Ng4 21. Bc4 Ne5 22. Bb3 Bg4 23. Rd2 Rad8 24. Be3 Rf8 25. Rdf2 Qc7 26. h3 Bc8 27. a4 Rxd4 28. Bxd4 Ng4 29. e5 Nxf2 30. Rxf2 Be6 31. Bxe6 fxe6 32. Rxf8+ Kxf8 33. Qe4 a5 34. b5 Qd7 35. bxc6 bxc6 36. Bc3 Qd1+ 37. Kf2 Qc1 38. Qd4 Qc2+ 39. Kg1 1/2-1/2